Регионална библиотека "Любен Каравелов" - Русе

Фауст (Запис номер 195625)

MARC детайли
000 -Лидер
Контролно поле с фиксирана дължина 01782nam a2200337 c 4500
003 - Код на организацията, давaща контролен номер
Контролно поле BLK
005 - Дата и час на последна редакция
Контролно поле 20180422120049.0
008 - Елементи от данни с фиксирана дължина
fixed length control field 180411b bul|||||r ||||||| ||bul||
010 ## - Наследен системен номер
LC control number KNG00204879000
040 ## - Източник на каталожния запис
Идентификатор на билиотеката - собственик на записа BLK
041 ## - Код за език
Код за езика на текст/звукозапис или на отделно заглавие Български
Код за езика КДБФ Български
072 #7 - Код за тематичната категория
Код организация bullib
Код за тематична категория А
Текст Фонд Михаил Арнаудов
080 ## - УДК
Текстов определител УДК Немска литература
УДК код - определител по УДК 821.112.2
УДК определител -21
УДК - код + определител 821.112.2-21
100 1# - Редна дума - Автор
Автор Гете, Йохан Волфганг фон
Авторска отговорност първи автор
R(LIN) 344614
139 ## - Редно поле
Редна дума Гьоте, Йохан Волфганг фон
Авторски знак Гън - Г 97
245 10 - Сведения за заглавието
Заглавие Фауст
Подзаглавни данни Трагедия : Ч. 1 - 2
Редно поле (дума) * Йохан Волфганг фон Гьоте; Йохан Волфганг фон Гете; прев. Иван Николов Ганчев.
Том Ч. 2
Заглавие на том С етюд за значението на Фауст и множество изясн. бележки към текста
257 ## - Страна на издаване
Страна на създаване/издаване Германия
260 ## - Област на издателските данни
-- София
Име на издателя, разпространителя и проч. печ. Дневник
Година на издаване 1906
300 ## - Физическа характеристика
Размери/Мащаб 24 см
380 ## - Жанр
Жанр Худож. лит.
490 1# - СЕРИИ (Колекции)
-- Серия на том
Име на серия Дружеска беседа : Списание за литература и популярни науки
№: серия 8
659 ## - Тематичен бюлетин
Тематичен бюлетин А
700 1# - Други автори (авторска отговорност)
Лично име Гьоте, Йохан Волфганг фон
Автороска отговорност (Описва отношението между автора и произведението) *
9 (RLIN) 363966
700 1# - Други автори (авторска отговорност)
Лично име Ганчев, Иван Николов
Автороска отговорност (Описва отношението между автора и произведението) прев.
9 (RLIN) 321290
760 1# - Описание на основната серия
Редна дума на основното описание Гете, Йохан Волфганг фон
Страници - том 128, 32 с. : с ил.
Забележка - том Поправки в текста и по полетата. - Мека подв.
Заглавие Ч. 2 С етюд за значението на Фауст и множество изясн. бележки към текста
852 ## - Местоположение
Форматна сигнатура Цб МА 2084
856 4# - Електронен адрес и достъп
Електронен формат pdf - файл
Път до файла /url/
856 4# - Електронен адрес и достъп
Електронен формат pdf - файл
Път до файла /url/
942 ## - АРТИКУЛИ
Вид на библиотечния материал Книги
Скрит в OPAC Не
944 ## - СЪЗДАВАНЕ И РЕДАКЦИЯ на ЗАПИСА
Създаване/Редакция Създаване
Дата на регистрацията/редакция 10.04.2017
Служител, извършил регистрацията/редакцията Геновева_Генчева
944 ## - СЪЗДАВАНЕ И РЕДАКЦИЯ на ЗАПИСА
Създаване/Редакция Редакция
Дата на регистрацията/редакция 10.04.2017
Служител, извършил регистрацията/редакцията Геновева_Генчева
999 ## - СИСТЕМНИ КОНТРОЛНИ НОМЕРА
Koha biblionumber 195625
Koha biblioitemnumber 195625
Наличности
Код за отписване Код за изгубен артикул Източник на класификационната схема Код за повреда Коз за рестрикции Код за отдаване Артикулен № Име на библиотеката - собственик Име на библиотеката, в която се намира в момента Статус (Текущо местоположение) Дата на вписване в системата Местоположение - отдел Цена в лева Инвентарен номер Систематично азбучна сигнатура Баркод Номер на екземпляра Цена в евро Служебна бележка Служебен тип на артикула
  Не е изгубен Universal Decimal Classification Не е повреден само за читалня Специални фондове ( старопечатни, редки и ценни, фонд М. Арнаудов) 341504 Регионална библиотека "Любен Каравелов" Русе Регионална библиотека "Любен Каравелов" Русе Фонд "Михаил Арнаудов" 1973-01-01 Фонд "Михаил Арнаудов" 2.00 590714 МА 2084 120000590714 1 1.02 Дост: DA Вид: А N: стар фонд Дата: 01.01.1973 Книги
Vip Innovations Ltd, Rousse, Bulgaria 2025